000 00588nam a22002057a 4500
003 OSt
005 20140310182825.0
008 130528t xxu||||| |||| 00| 0 eng d
020 _a9780743286398
050 _aBL 240.3
_b.C712 2006
082 _aM 215
_bC712 2006
245 _aThe language of God :
_ba Scientist presents evidence for belief /
_cCollins, Francis S.
260 _aNew York :
_bFree Press
_c2006
300 _ax, 305 p. :
_bill. ;
_c22 cm .
521 _acollege students
526 _c1210L-1700L
541 _j1
562 _e1
942 _2lcc
_cBK
_kM
999 _c16479
_d16479